MDQL
is popping MORE tags! Check the
thread
!
Quizzes
Events
Quiz Creation
Community
Videos
Private Events
Remove Ads
Sign In
Join for FREE
Feedback
Dark Mode
Quiz Categories
Sports
Geography
Music
Movies
Television
Just For Fun
Miscellaneous
History
Literature
Language
Science
Gaming
Entertainment
Religion
Holiday
For Kids
Quiz Lab
Recent
Popular Today
Quiz Kudos Today
Editor Picks
Curator Picks
Quizzes by...
Day
Popularity
Type
Ratings
Length
Year
Community
Subscriptions
Recent Discussions
Orange Saloon
Badges
Playlists
Quests
Create
Leaderboards
Showdown
Live 5
Trivia Bingo
Activity
Puzzle Library
Sporcle Events
Private Events
Virtual Trivia
Globe League
Become a Host
Pub Owners
SporcleCon
Opinionation
Our Games
Videos
Blog
Mobile Apps
Partnerships
Remove Ads and Go Orange
Feedback
Literature
Harry Potter
A Song of Ice and Fire
The Hunger Games
Literary Character
Shakespeare
Book
Author
Novel
Poem
Young Adult
Children's Books
Play
Lord of the Rings
Literature
Harry Potter
A Song of Ice and Fire
The Hunger Games
Literary Character
Shakespeare
Book
Author
Novel
Poem
Young Adult
Children's Books
Play
Lord of the Rings
Random Quiz
Search Sporcle
×
Quiz Lab
Quiz Lab
Literature
austen
Type in answers that appear in a list
Type in answers that appear in a list
Classic
Best Score? Go Orange.
Pride and Prejudice Characters Stats
Can you name the characters of Jane Austen's Pride and Prejudice?
By
ladyofdelaford
5m
35 Questions
1,526 Plays
1,526 Plays
1,526 Plays
Comments
Comments
Give Quiz Kudos
Give Quiz Kudos
-
- Ratings
hide this ad
Replay
Link that replays current quiz
Next Quiz
Link to next quiz in quiz playlist
You Got
0%
They Got
Avg Score
61%
Avg Friend Score
Upgrade to see
Score Distribution
Jump to the score distribution portion of the page
Score
0/35
Timer
05:00
0
Plays Today
% Correct
Elizabeth Bennet
98.9%
Jane Bennet
98.7%
Fitzwilliam Darcy
97%
Lydia Bennet
96.9%
Mary Bennet
96.8%
Kitty Bennet
96.2%
Mr. Bennet
95.5%
Mrs. Bennet
95.4%
Charles Bingley
90.4%
William Collins
87.1%
Charlotte Lucas
86.2%
George Wickham
83.1%
Caroline Bingley
81.8%
Georgiana Darcy
79.7%
Lady Catherine de Bourgh
69.9%
Edward Gardiner
67.3%
Mrs. Gardiner
67.3%
Louisa Hurst
67.3%
% Correct
Mr. Hurst
66%
Colonel Fitzwilliam
59.5%
Anne de Bourgh
59%
Maria Lucas
57.8%
Sir William Lucas
55.7%
Mrs. Phillips
49.2%
Lady Lucas
48.3%
Colonel Forster
38.7%
Harriet Forster
36.7%
Mrs. Hill
26.6%
Mrs. Reynolds
22.4%
Mr. Denny
20.5%
Mrs. Younge
18.4%
Mary King
16.5%
Mrs. Jenkinson
16.1%
Captain Carter
10.2%
Mr. Chamberlayne
6.1%
Quiz Playlist
Details
Report
Send in Message
Add To Playlist
Classic:
Type in answers that appear in a list
Last Updated: Feb 16, 2017
Quiz Scoreboard
CHALLENGE
Sign Up to Join the Scoreboard
Show All
Scores
Hide
Comments
May contain spoilers
Recently Published
1-10 Letter E Words III
by El_Dandy
Language
2m
Street Fighter Characters
by Artimus82
Gaming
60s
College Basketball Coaching Resumes
by pancakes188
Sports
9m
More to Explore
Quiz From the Vault
Featured Blog Post
Where Did the Easter Bunny Come From?
hide this ad
You Might Also Like...
Tags
austen
Character
jane
Jane Austen
prejudice
Pride
Today's Top Quizzes in Literature
Browse Literature
hide this ad
Today's Top Quizzes in austen
Browse austen
Top Contributed Quizzes in Literature
1
Sneaky Slytherin Logic Puzzle
2
Get The Picture: Black or White Literature
3
5-to-1: Plays
4
A Court of Thorns and Roses (ACoTaR) Logic Puzzle
5
One Thing in Common: Literature
6
One Thing in Common: Literature II
7
One Thing in Common: Books
8
One Thing in Common: Literature 3
9
'Middle' Earth
10
Harry Potter Neighbourly Logic Puzzle #1
Explore More
Trending Topics
Harry Potter
Crossword
NBA
Anime
Disney
Kpop
Marvel
The Office
Country
Puzzle
Soccer
NFL
WWE
Song
Pokémon
hide this ad
More By:
ladyofdelaford
Quiz
Plays
Rating
Category
Featured
Created
Pride and Prejudice Characters
1,526
3.75
Literature
Mar 7, 2011
Go to Creator's Profile
Score Distribution
Quiz Creator Spotlight
ladyofdelaford
Follow
Send a Message
Quizzes Created
-
Created Quiz Play Count
-
More By This Creator
Popular Quizzes Today
1
Find the US States - No Outlines Minefield
2
Find the Countries of Europe - No Outlines Minefield
3
The Countries of the World
4
Find the US States
5
Risky Map Clicking: Biggest States A-Z
6
US States
7
Popular People in 1961
8
Movies - When Are They Set?
More Literature Quizzes
Lord 'of' the Rings
Published
Trending Quizzes
Risky Map Clicking: Least Populous States A-Z
Billboard Blitz: Aretha Franklin
Famous Russians: Author or Composer?
1-10 Letter G Words
Countries of the World: 200 Million BC
Recently Updated
Leaping Animals
pecheneg
Reality TV Shows (A-Z)
bhenderson79
Rickey Henderson's Hall of Fame Teammates
pecheneg
Champions League XIs: Arsenal
pecheneg
Quick Pick: Celebrities in WWE's Hall of Fame
aduchscher
A-Z Keypad Blitz II
pecheneg
Multiple Oscar Actors
pecheneg
Mystery Phrase Blitz: Oscar 'Best Actors'
pecheneg
F. Scott Fitzgerald Novels
LTH
Pick 3 Villains
ddd62291
Trending Topics
Crossword
Harry Potter
Anime
Marvel
Kpop
NBA
Disney
WWE
Pokémon
Puzzle
NFL
The Office
Country
Soccer
Song
Your Account Isn't Verified!
In order to create a playlist on Sporcle, you need to verify the email address you used during registration. Go to your
Sporcle Settings
to finish the process.
Report this User
Report this user for behavior that violates our
Community Guidelines
.
Details:
Send Report
Go to the Sporcle.com Mobile Site →
Comments